01007nam a2200289Ia 4500001001000000003000500010008004100015010001100056040000900067082001800076100002900094245013600123260004900259300001100308440002400319650002900343650003000372650002500402901001800427902000600445905006300451910000900514942000900523942001200532999001900544952015400563Para_6397CHAP220125s1922 xx 000 0 und d a205135 cCHAP aPA 595.78 T68 aTothill, John D.9114356 aThe natural control of the fall webworm ( Hyphantria cunea Drury) :b with an account of its several parasites /c John D. Tothill aOttawa :b Canada. Department of Agriculture a107 p. aBulletin; 39171099 aControl de Plagas927595 aHyphaantria cunea 957109 aLepidopteros 966252 aPA 595.78 T68 aA a0000001922 0000000000 00 a1922 cPARA cPARAd1 c205135d205135 00102ddc4051708GRALaPAbPAd2005-10-27i(PA_3714) (No. UACh C/E)l0oPA 595.78 T68p4102001224r2022-01-25 00:00:00tEj.1w2022-01-25yLIBROz3